000 01015cam a22003257a 4500
003 CHAP
005 20220329133923.0
008 971013s1968 r 00010 d
010 _a12696
011 _a13668
035 _a17740
040 _cCHAP
082 _a589.9
_bH3 1968
100 0 0 _aHayes, William.
_953196
245 1 4 _aThe genetics of bacteria and their viruses
_b: studies in basic genetics and molecular biology
250 _a2 ed.
260 _aNew York :
_bWiley,
_c1968
300 _a925 p.
_b: ilus.
590 _aBATCH-UPD
_b10
_c20130110
_lUCH01
_h0043
590 _aBATCH-UPD
_b10
_c20130110
_lUCH01
_h1022
590 _aBATCH-UPD
_b10
_c20130410
_lUCH01
_h0627
590 _aBATCH-UPD
_b10
_c20130914
_lUCH01
_h0630
590 _aCONVERSION
_b10
_c20130109
_lUCH01
_h1308
650 1 4 _aBiofĂ­sica.
_912735
650 1 4 _aGenética bacteriana.
_947486
650 1 4 _aVirus.
_9119936
901 _aBK
942 _cLIBRO
949 _a589.9 H3 1968
_bBC
_cLIBRO
_d33724000374864
_eLIBRO
_h17270
_i17740
_si
999 _c12696
_d12696